Normal view
MARC view
- WINDOWS 95 ON THE INTERNET NETWORKING-WINDOWS 95 NETWORKING PROTOCOLS
Entry Topical Term
001 - CONTROL NUMBER
- control field: 76449
003 - CONTROL NUMBER IDENTIFIER
- control field: NUST
005 - DATE AND TIME OF LATEST TRANSACTION
- control field: 20210628205642.0
008 - FIXED-LENGTH DATA ELEMENTS
- fixed length control field: 210628|| aca||aabn | a|a d
040 ## - CATALOGING SOURCE
- Original cataloging agency: NUST
- Transcribing agency: NUST
150 ## - HEADING--TOPICAL TERM
- Topical term or geographic name entry element: WINDOWS 95 ON THE INTERNET NETWORKING-WINDOWS 95 NETWORKING PROTOCOLS
670 ## - SOURCE DATA FOUND
- Source citation: Work cat.: (NUST): Marchuk, Michael Root, Gregory.J Cima, Rob 76448, Windows 95 connectivity, 1995
